| 000 | 00777nam a2200181 a 4500 | ||
|---|---|---|---|
| 005 | 20140412111323.0 | ||
| 008 | 001218s19uu xx 00 eng d | ||
| 020 | _a0-307-12841-5 | ||
| 050 |
_aER _bBa23 1996 |
||
| 100 | _aWaricha, Jean | ||
| 245 |
_aBarbie: the wonderful wedding / _cby Jean Waricha ; illustrated by S. I. Artists. |
||
| 260 |
_aNew York : _bA Golden Book, _c1996. |
||
| 300 | _a1 v. (unp.) ; ill. | ||
| 440 | _aDear Barbie | ||
| 520 | _aDear Barbie, in three weeks i'm going to be the flower girl in my sister's wedding. I have a beautiful dress. I'm very excited, but I'm also a little nervous. Everyone will be watching me when I walk down the aisle. What if I make a mistake? . . . | ||
| 650 | _aFlower girls stories -- Fiction | ||
| 999 |
_c104460 _d104460 |
||